Investigación de operaciones

Zapisane w:
Opis bibliograficzny
1. autor: Winston, Wayne L (Autor)
Format: Książka
Język:hiszpański
Wydane: Ciudad de México Grupo Editorial Iberoamérica 1994
Hasła przedmiotowe:
Etykiety: Dodaj etykietę
Nie ma etykietki, Dołącz pierwszą etykiete!

MARC

LEADER 00000nam a2200000 a 4500
001 UCZ1589
003 CL-VaPUC
008 950824e19940000MX |||||||||||||||||spa|d
082 0 4 |a 658.403  |b WIN  |2 21 
100 0 |a Winston, Wayne L  |e author  |9 345202 
245 1 0 |a Investigación de operaciones 
300 |a 1337 p 
942 |c BK 
945 |d 19950824 00:00:00  |a awong 
260 |a Ciudad de México  |b Grupo Editorial Iberoamérica  |c 1994 
500 |a 1 ejemplar sub-dividido en dos volumenes 
500 |a v.1: Cap. 1 al 11 
500 |a v.2: Cap. 12 al 24 
650 0 |a Álgebra lineal   |9 260445 
650 0 |a Programación lineal   |9 23 
650 7 |a MODELOS DE REDES  |2 CL-VaPUC  |9 345203 
650 0 |a Programación no lineal   |9 259385 
650 0 |a Toma de decisiones   |9 257530 
650 7 |a TEORIA DE COLAS  |2 CL-VaPUC  |9 336936 
650 7 |a SIMULACION  |2 CL-VaPUC  |9 338579 
583 |a last modification  |c 19950824 00:00:00  |k Rodrigo Vera 
999 |c 238323  |d 238321 
952 |0 0  |1 0  |4 0  |6 658_403000000000000_WIN_1994  |7 0  |8 A  |9 248447  |a BIBENE  |b BIBENE  |d 2019-11-18  |i 3126633  |o 658.403 WIN 1994  |p 3126633  |r 2025-01-15  |w 2019-11-18  |y BK  |k ICO 
952 |0 0  |1 0  |4 0  |6 658_403000000000000_WIN_1994  |7 0  |8 A  |9 248448  |a BIBENE  |b BIBENE  |d 2019-11-18  |i 316201K  |o 658.403 WIN 1994  |p 316201K  |r 2025-01-15  |w 2019-11-18  |y BK  |k ICO 
952 |0 0  |1 0  |4 0  |6 658_403000000000000_WIN_1994  |7 0  |8 A  |9 248449  |a BIBGIM  |b BIBGIM  |d 2019-11-18  |i 3251675  |l 1  |o 658.403 WIN 1994  |p 3251675  |r 2025-01-15  |s 2023-11-22  |w 2019-11-18  |y BK  |k EST 
952 |0 0  |1 0  |4 0  |6 658_403000000000000_WIN_1994  |7 0  |8 A  |9 248450  |a BIBING  |b BIBING  |d 2019-11-18  |i 3257819  |l 1  |o 658.403 WIN 1994  |p 3257819  |r 2025-01-20  |s 2023-11-14  |w 2019-11-18  |y BK  |k EII 
952 |0 0  |1 0  |4 0  |6 658_403000000000000_WIN_1994  |7 0  |8 A  |9 248451  |a BIBING  |b BIBING  |d 2019-11-18  |h v.1  |i 3251543  |o 658.403 WIN 1994  |p 3251543  |r 2023-03-02  |w 2019-11-18  |y BK  |k EII 
952 |0 0  |1 0  |4 0  |6 658_403000000000000_WIN_1994  |7 0  |8 A  |9 248452  |a BIBING  |b BIBING  |d 2019-11-18  |h v.2  |i 2010550  |o 658.403 WIN 1994  |p 2010550  |r 2023-03-02  |w 2019-11-18  |y BK  |k EII 
952 |0 0  |1 0  |4 0  |6 658_403000000000000_WIN_1994  |7 0  |8 A  |9 248453  |a BIBING  |b BIBING  |d 2019-11-18  |i 3296229  |l 1  |o 658.403 WIN 1994  |p 3296229  |r 2025-01-20  |s 2022-03-17  |w 2019-11-18  |y BK  |k TRA 
952 |0 0  |1 0  |4 0  |6 658_403000000000000_WIN_1994  |7 0  |8 A  |9 248454  |a BIBENE  |b BIBENE  |d 2019-11-18  |i 3337731  |o 658.403 WIN 1994  |p 3337731  |r 2025-01-15  |w 2019-11-18  |y BK  |k ICO